| 000 | 00494nam a22001337a 4500 | ||
|---|---|---|---|
| 008 | 230718b |||||||| |||| 00| 0 eng d | ||
| 040 |
_aNational Science Library _cNational Science Library |
||
| 080 |
_a581.1:577.175.122 _bM3 |
||
| 100 | 1 |
_aBhatnagar, Punam _912734 |
|
| 245 | _aLight induced destruction of indole-3-acetic acid and some physiological effects on one of its metabolites,3-methyleneoxindole | ||
| 260 |
_aSweden: _bUniversity of Stockholm, |
||
| 300 | _a16p. | ||
| 942 |
_2udc _cREF |
||
| 999 |
_c53121 _d53121 |
||